=LDR 00000nam 2200000 4500 =001 INLIS000000000051309 =005 20221017103734 =035 ##$$a 0010-0917000113 =007 ta =008 221017################g##########0#ind## =020 ##$$a 978-602-317-304-4 =082 ##$$a 297.346 =084 ##$$a 297.346 TYA d =100 #$$a Tya Arini =245 1#$$a Dahsyatnya Kisah Nabi Ibrahim : $b Bapak Para Nabi /$c Tya Arini =260 ##$$a Surakarta :$b Al-Qudwah Publishing,$c 2016 =300 ##$$a 88 hlm : $b ilus. ; $c 24 cm =650 #4$$a CERITA NABI IBRAHIM =990 ##$$a 21702510 =990 ##$$a 21702509 =990 ##$$a 21702508 =990 ##$$a 21702507 =990 ##$$a 21702506